Estatísticas para Top 4 colocados do Campeonato Mundial de Voleibol Feminino

Clique aqui para jogar o quiz

Estatísticas Gerais

  • Esse quiz foi jogado 161 vezes
  • A pontuação média é 16 de 20

Estatísticas das Respostas

Campeão% Correto
Brasil
100%
Japão
99%
China
97%
Itália
97%
Estados Unidos
95%
Rússia
92%
Sérvia
91%
Sérvia e Montenegro
91%
União Soviética
90%
Cuba
86%
Coreia do Sul
80%
Países Baixos
80%
Polônia
76%
Bulgária
69%
Checoslováquia
69%
Peru
66%
Romênia
52%
Hungria
47%
Alemanha Oriental
44%
Coreia do Norte
35%

Distribuição das Pontuações

Percentil de Números Respondidos

Porcentagem de Pessoas com Cada Pontuação

Sua Pontuação Histórica

Você não jogou esse quiz